| Tag |
First Indicator |
Second Indicator |
Subfields |
| LEADER |
00000cam a2200000 a 4500 |
| 001 |
in00001279021 |
| 005 |
20151004061743.0 |
| 008 |
941108s1995 nyua j 000 0 eng |
| 010 |
|
|
|a 94078570
|
| 019 |
|
|
|a 33093460
|
| 020 |
|
|
|a 0062050621
|
| 035 |
|
|
|a (OCoLC)32444224
|
| 035 |
|
|
|9 AGX4939AM
|
| 040 |
|
|
|a DLC
|c DLC
|d BXT
|d TAI
|d COR
|d TXA
|d UtOrBLW
|
| 049 |
|
|
|a TXAM
|
| 050 |
0 |
0 |
|a PR4879.L2
|b A6 1995
|
| 082 |
0 |
0 |
|a 821/.8
|2 20
|
| 100 |
1 |
|
|a Lear, Edward,
|d 1812-1888.
|
| 245 |
1 |
4 |
|a The pelican chorus and other nonsense /
|c by Edward Lear ; illustrated by Fred Marcellino.
|
| 246 |
1 |
8 |
|a Pelican chorus
|
| 250 |
|
|
|a 1st ed.
|
| 264 |
|
1 |
|a [New York] :
|b HarperCollins Publishers,
|c 1995.
|
| 300 |
|
|
|a 1 volume (unpaged) :
|b chiefly color illustrations ;
|c 25 x 29 cm.
|
| 336 |
|
|
|a text
|b txt
|2 rdacontent
|
| 337 |
|
|
|a unmediated
|b n
|2 rdamedia
|
| 338 |
|
|
|a volume
|b nc
|2 rdacarrier
|
| 500 |
|
|
|a "Michael di Capua books."
|
| 505 |
0 |
|
|a The new vestments -- The owl and the pussycat -- The pelican chorus.
|
| 650 |
|
0 |
|a Children's poetry, English.
|
| 650 |
|
0 |
|a Nonsense verses, English.
|
| 650 |
|
1 |
|a English poetry.
|
| 650 |
|
1 |
|a Nonsense verses.
|
| 650 |
|
8 |
|a Nonsense verses.
|
| 650 |
|
8 |
|a Children's poetry.
|
| 653 |
|
|
|a Poetry in English, 1837-1900 - Texts
|
| 700 |
1 |
|
|a Marcellino, Fred,
|e illustrator.
|
| 999 |
|
|
|a MARS
|
| 999 |
f |
f |
|s 530fc2f5-55e6-3e62-8619-0d312f6cf68f
|i 5485bebf-45c4-32bd-9446-bc0f94163c1f
|t 0
|
| 952 |
f |
f |
|p ric
|a Texas A&M University
|b Rellis Campus
|c Joint Library Facility
|d Remote Storage
|t 0
|e PR4879.L2 A6 1995
|h Library of Congress classification
|i unmediated -- volume
|m A14819849832
|
| 998 |
f |
f |
|a PR4879.L2 A6 1995
|t 0
|l Remote Storage
|